000 00663cam4a220021700 4500
001 tmp15963573
003 UPRA
005 20190830110812.0
008 951116s1991 xx eng u
035 _a(Sirsi) r27358
035 _a(UPRA)tmp15963573
040 _cUPRA
100 1 _aDasgupta, A.
_6A91430.1
245 1 0 _aWhat is new is AACR-2 (1978 & 1988) :
_bwith special reference to choice of access points and discription.
260 _c1991.
949 _aZ694
_wlcc
_i-28635
_mMAIN
_tBOOK
_lON-SHELF
949 _aZ694
_wlcc
_i-28636
_mMAIN
_tBOOK
_lON-SHELF
949 _aZ694
_wlcc
_i-28637
_mMAIN
_tBOOK
_lON-SHELF
004 27358
987 _a245 : typo?
999 _c188562
_d188562